| 000 | 01205nam2a2200265 4500 | ||
|---|---|---|---|
| 001 | RU\NLR\ONL2\26562 | ||
| 005 | 20140915102549.0 | ||
| 035 | _a(NLR Aleph) 010213516 | ||
| 090 |
_a10285007 _c10285007 |
||
| 100 | _a20130610d1995 m||y0rusy50 ca | ||
| 101 | 0 | _aalt | |
| 102 | _aRU | ||
| 105 | _aa ||||||||| | ||
| 200 | 0 |
_aТ. 12 _f[сост. И. Б. Шинжин] |
|
| 210 | _d1995 | ||
| 215 | _a280 с., [6] л. ил. | ||
| 300 | _aВ вып. дан. сост.: Иван (Таныскай) Баксурович Шинжин | ||
| 461 | 0 |
_1001RU\NLR\ONL2\26548 _12000#$aАлтайские богатыри$dАлтай баатырлар$eалтайский героический эпос$ztut$vТ.12 _910306876 _cГорно-Алтайск _d1958 _lАлтай баатырлар _nБичиктер чыг.изд-возы _oалтайский героический эпос _tАлтайские богатыри _vТ.12 |
|
| 702 | 1 |
_4220 _7ca _8rus _aШинжин _bИ. Б. _f1936- _gИван Баксурович _91122 _3RU\NLR\AUTH\7718039 |
|
| 801 | 0 |
_aRU _bNLR _c20130610 _gPSBO |
|
| 852 |
_aNLR _bОНЛ _jАлт./3-311 |
||
| 942 | _cBOOK | ||
| 980 | _aNB | ||
| 980 | _aONL_RF | ||